Katseye’s memes - Statistics

General Stats
  • This quiz has been taken 351 times
  • The average score is 10 of 22
Answer Stats
Hint Meme % Correct
Lara’s famous word YES!
96%
Sophia’s famous phrase: “WHO…” WHO IS YOU?
79%
“Rising global popstar…” Rising global popstar sensation LARA RAJJJ!
73%
Sophia singing meme: “WHEEEEERE…” WHEEEEEEERE HAVE YOU BEEEEN!!!
63%
“YOU’RE JUST A…” YOU’RE JUST A GAAAAAYBOOOOOY
61%
Megan’s famous meme: Girl, i wish…” Girl, i wish have a favourite book, i can’t read, I’M DYSLEXIC
59%
Sophia’s famous phrase Baby tajin!
57%
Sophia singing meme: “I’LL GO…” I’LL GO M.I.A
57%
“I’m… Oh it’s says I’m Gnarly” I’m CUNTEEEEY
57%
Sophia’s famous meme: “Ratatata, Ratatata…” Ratatata, Ratatata, OH MEGAN!
55%
“Dammmn…” Dammmmn, so you like it, put it down!
41%
Megan’s famous meme: “I’m allergic to…” I’m allergic to grass
41%
Daniela’s famous phrase as a kid I don’t want this to be my boyfriend
36%
Yoonchae famous phrase: “You’re such a bad…” You’re such a bad unnie
35%
Lara with Michelle Obama FREEDOM, (freedom), FREDOOOOOOOM
33%
“Ballerina…” Ballerina capuccina
28%
Megan’s famous phrase as a kid Uhm, this isn’t beer, it is…
27%
Yoonchae’s meme: “Stop the…” Stop the violence
26%
Lara’s famous phrase: “A…behind you!” A spider behind you
20%
“J-J-J-Jealous of my…” Jealous of my dumplings
18%
Lara’s and Megan’ meme: “That’s…” That’s CINNAMON
15%
Sophia’s meme on live: “Go…” Go bald
5%
No matching quizzes found
Score Distribution
Percent of People with Each Score
Percentile by Number Answered
Your Score History
You have not taken this quiz